| 000 | 00757nam a2200205Ia 4500 | ||
|---|---|---|---|
| 999 |
_c40361 _d40361 |
||
| 001 | 6969 | ||
| 003 | GE_BSU | ||
| 005 | 20190530155843.0 | ||
| 008 | 181216s1979||||ge |||||||||||||| ||geo|| | ||
| 040 | _cGE_BSU | ||
| 041 | _ageo | ||
| 080 | _a624.13 ჩ-97 | ||
| 100 |
_aჩხეიძე,დ. _91848 |
||
| 245 |
_aსაინჟინრო გეოლოგია : სახელმძღვ. / _cდ. ჩხეიძე ; რედ.უ.ზვიადაძე. |
||
| 264 |
_aთბილისი : _bგანათლება, _c1979. |
||
| 300 |
_a363 გვ .: _c22 სმ. |
||
| 653 | _aსაინჟინრო გეოლოგია. | ||
| 700 |
_aზვიადაძე, უ _eრედაქტორი _91849 |
||
| 942 |
_cBK _2udc |
||